Fr. Conceicao Rodrigues College of Engineering

Heat Treaters Guide (Record no. 26003)

MARC details
000 -LEADER
fixed length control field 00323nam a2200145Ia 4500
082 ## - DEWEY DECIMAL CLASSIFICATION NUMBER
Classification number 672.3
Item number Asm
100 ## - MAIN ENTRY--PERSONAL NAME
Personal name Unterweiser P. M. ed
245 ## - TITLE STATEMENT
Title Heat Treaters Guide
260 ## - PUBLICATION, DISTRIBUTION, ETC.
Name of publisher, distributor, etc. American Society for metals
Place of publication, distribution, etc. Ohio
Date of publication, distribution, etc. 1987
300 ## - PHYSICAL DESCRIPTION
Extent 493
546 ## - LANGUAGE NOTE
Language note ENGLISH
654 ## - SUBJECT ADDED ENTRY--FACETED TOPICAL TERMS
Focus term Heat Treaters
942 ## - ADDED ENTRY ELEMENTS (KOHA)
Koha item type Reference Book
Holdings
Withdrawn status Lost status Damaged status Not for loan Collection Home library Current library Shelving location Date acquired Total Checkouts Full call number Barcode Date last seen Price effective from Koha item type
        AFT Fr. Agnel's C.Rodrigues College of Engineering Fr. Agnel's C.Rodrigues College of Engineering   17/03/2023   672.3 Asm AFT5828 17/03/2023 17/03/2023 Reference Book